| 000 | 04124nam0a2200397 4500 | ||
|---|---|---|---|
| 001 | RU\NLR\BIBL_A\016272283 | ||
| 005 | 20260419211820.0 | ||
| 010 |
_a978-5-907490-87-1 _930 |
||
| 021 |
_aRU _bКН-П-22-092363 _9КН-П-22-8233 |
||
| 035 | _a(NLR Aleph) 016272283 | ||
| 035 | _a(RuMoRGB)011494735 | ||
| 090 |
_a13658497 _c13658497 |
||
| 100 | _a20230130d2022 u y0rusy50 ca | ||
| 101 | 0 | _arus | |
| 102 | _aRU | ||
| 105 | _aa|||j|||000zy | ||
| 181 | 0 |
_ai _baxxe |
|
| 182 | 0 | _an | |
| 200 | 1 |
_aОбязательные требования промышленной безопасности _eучебное пособие _fА. Н. Тимошенко, К. Э. Балышин, С. А. Савушкин, М. В. Селезнев _gФедеральное агентство воздушного транспорта, Федеральное государственное бюджетное образовательное учреждение высшего образования "Московский государственный технический университет гражданской авиации" (МГТУ ГА), Кафедра авиатопливообеспечения и ремонта летательных аппаратов |
|
| 203 |
_aТекст _bвизуальный _cнепосредственный |
||
| 210 |
_aМосква _cИД Академии Жуковского _d2022 |
||
| 215 |
_a72 с. _cил. _d21 |
||
| 320 | _aБиблиогр.: с. 71-72 (19 назв.) | ||
| 330 | _aУчебное пособие "Обязательные требования промышленной безопасности" издается в соответствии с рабочей программой по направлению подготовки 25.03.01 "Техническая эксплуатация летательных аппаратов и двигателей", направленности подготовки "Управление техническими и технологическими процессами эксплуатации воздушных судов", дисциплине Б1.В.ДВ.М.2.7 "Промышленная безопасность топливозаправочных комплексов" для студентов всех форм обучения. Учебное пособие преследует цель обеспечить связь теории и практики, выработать у студентов профессионально необходимые практические умения и навыки применения знаний, полученных при изучении дисциплины "Промышленная безопасность топливозаправочных комплексов" и содержит сведения отраслевой специфики авиатопливообеспечения. Раскрыты вопросы, связанные с оборудованием, объектами инфраструктуры. На конкретных примерах рассмотрены особенности организаций авиатопливообеспечения в современной системе | ||
| 606 | 1 |
_aЛетательные аппараты _jУчебные издания для высших учебных заведений _xЗаправка _xОборудование _xЭксплуатация _xТехника безопасности _92389797 _3RU\NLR\AUTH\6601645698 |
|
| 675 |
_a629.7.067(075.8) _v4 |
||
| 686 |
_a39.551.4-044я73 _2rubbks |
||
| 686 | 1 | _aО52-082.057.1-5-082н6я73-1 | |
| 701 | 1 |
_aТимошенко _bА. Н. _gАндрей Николаевич |
|
| 701 | 1 |
_aБалышин _bК. Э. _gКирилл Эдуардович |
|
| 701 | 1 |
_aСавушкин _bС. А. _gСергей Александрович |
|
| 701 | 1 |
_aСелезнев _bМ. В. _gМаксим Витальевич |
|
| 942 | _cBOOK | ||
| 980 | _aNB | ||